| 000 | 00400nam a2200133 a 4500 | ||
|---|---|---|---|
| 005 | 20210223125006.0 | ||
| 008 | 030609s2000 mx r 000 0 spa d | ||
| 035 | _aUPN01000125205 | ||
| 049 | _aSEP | ||
| 050 | 4 |
_aAC70 _bB5 no. 86 |
|
| 100 | 1 |
_aGarcía Ruiz, Ramón, _d1908-1995 _930394 |
|
| 245 | 1 | 3 |
_aEl canal de Panama : _buna epopeya de nuestro siglo síntesis histórico - geográfica |
| 905 | _aLibro | ||
| 999 |
_c97384 _d97384 |
||